Footballers who have played for England - Statistics

General Stats
  • This quiz has been taken 41 times
  • The average score is 3 of 9
Answers on the Grid
Answers color-coded by a green-red scale on the quiz's grid according to % correct below.
Lewis Cook
Chris Kirkland
Eddie Nketiah
Mark Noble
Aaron Wan-Bissaka
Harry Kane
David Beckham
Curtis Davies
Jimmy Bullard
Michail Antonio
Paul Scholes
David Bentley
Patrick Bamford
Ryan Mason
Marc Albrighton
Archie Gray
 
Answer Stats
Answer % Correct
David Beckham
77%
Harry Kane
77%
Paul Scholes
55%
Patrick Bamford
41%
Chris Kirkland
23%
David Bentley
18%
Eddie Nketiah
18%
Ryan Mason
14%
Lewis Cook
5%
No matching quizzes found
Score Distribution
Percent of People with Each Score
Percentile by Number Answered
Your Score History
You have not taken this quiz